[Event "COL-ch U2000"]
[Site "Pereira"]
[Date "2019.03.23"]
[Round "5"]
[White "Anzola, Apolinar"]
[Black "Alvarez Angel, Nelson Eduardo"]
[Result "1-0"]
[WhiteElo "1897"]
[BlackElo "1974"]
[PlyCount "29"]
[EventDate "2019.03.21"]
[EventType "swiss"]
[EventRounds "9"]
[EventCountry "COL"]
[SourceTitle "CBM 189 Extra"]
[Source "ChessBase"]
[SourceDate "2019.06.03"]
[SourceVersion "1"]
[SourceVersionDate "2019.06.03"]
[SourceQuality "1"]

1. e4 c5 2. Bc4 e6 3. Nc3 Nc6 4. Nf3 Nf6 5. d3 d5 6. exd5 exd5 7. Bb3 Be6 8. 0-0 Be7 9. Bg5 0-0 10. Ne2 a6 11. a3 c4 12. Ba2 Qb6 13. Rb1 Ng4 14. d4 Bxg5 15. Nxg5 1-0

[Event "Monteria op"]
[Site "Monteria"]
[Date "2011.11.13"]
[Round "4"]
[White "Anzola, Apolinar"]
[Black "Lopez Hernandez, Carlos Manuel"]
[Result "0-1"]
[WhiteElo "1713"]
[BlackElo "2314"]
[PlyCount "82"]
[EventDate "2011.11.12"]
[EventType "swiss"]
[EventRounds "7"]
[EventCountry "COL"]
[SourceTitle "EXT 2012"]
[Source "ChessBase"]
[SourceDate "2011.11.24"]
[SourceVersion "1"]
[SourceVersionDate "2011.11.24"]
[SourceQuality "1"]

1. e4 c5 2. f4 e6 3. Nf3 d5 4. e5 Nc6 5. c3 Nh6 6. Be2 Nf5 7. Na3 h5 8. Nc2 Qb6 9. d3 Bd7 10. b3 Be7 11. Bd2 0-0-0 12. Qb1 Kb8 13. a4 f6 14. b4 cxb4 15. cxb4 Nfd4 16. a5 Nxc2+ 17. Qxc2 Nd4 18. Qb2 Nxf3+ 19. gxf3 Qa6 20. Rg1 Rhg8 21. Rb1 Bb5 22. Kf2 d4 23. Rg6 fxe5 24. fxe5 Bh4+ 25. Kg1 Qc6 26. Qb3 Rd5 27. f4 Qe8 28. Rg2 g5 29. Bf3 Rd7 30. Be4 gxf4 31. Bxf4 Rdg7 32. Rbb2 Qf7 33. Bg3 Bxg3 34. hxg3 Rxg3 35. Rbf2 Rxg2+ 36. Bxg2 Qg6 37. Kh1 Bc6 38. Qc2 a6 39. Qe2 Qxg2+ 40. Rxg2 Rxg2 41. Qxg2 Kc7 0-1